[Event "1/32 Finale"]
[Site "www.chess-mail.com"]
[Date "2016.11.04"]
[Round "1"]
[White "Papaours"]
[Black "Guidom"]
[WhiteElo "2210"]
[BlackElo "2140"]
[Result "1-0"]
[Round "1"]
1.e4 e5
2.Nb1c3 Bf8c5
3.Ng1f3 d6
4.d4 exd4
5.Nf3xd4 Ng8f6
6.Bc1g5 Nb8d7
7.Bf1e2 O-O
8.O-O h6
9.Bg5h4 Rf8e8
10.Nd4f5 Nd7e5
11.Nc3d5 Bc8xf5
12.Nd5xf6 gxf6
13.exf5 Kg7
14.Kh1 Qd8d7
15.Be2d3 Ne5xd3
16.Qd1xd3 Re8e5
17.Qd3g3 Kh7
18.Bh4xf6 Ra8g8
19.Bf6xe5 Rg8xg3
20.Be5xg3 Qd7xf5
21.c4 Bc5d4
22.Ra1b1 h5
23.Rf1d1 Bd4b6
24.Rb1c1 a5
25.b3 Bb6c5
26.Rd1d5 Qf5g6
27.h3 b6
28.Kh2 Kh6
29.Rc1d1 f5
30.Rd1e1 Qg6f6
31.Bg3f4 Kg6
32.f3 h4
33.Rd5d1 Bc5f2
34.Re1e2 Bf2c5
35.Rd1e1 Kf7
36.Re2e7 Qf6xe7
37.Re1xe7 Kxe7
38.Bf4g5 Ke6
39.Bg5xh4 Bc5d4
40.g4 f4
41.Bh4d8 c6
42.h4 Kd7
43.Bd8g5 Bd4e5
44.h5 d5
45.cxd5 cxd5
46.Kg2 Ke6
47.Kf1 d4
48.Ke2 Kd5
49.Kd3 b5
50.h6 a4
51.Bg5e7 Ke6
52.Be7f8 Kf7
53.Bf8g7 Be5xg7
54.hxg7 axb3
55.axb3 { resign }
1-0

[Event "Tourn. n9015"]
[Site "www.chess-mail.com"]
[Date "2016.11.05"]
[Round "1"]
[White "Mitja"]
[Black "Libiesse"]
[WhiteElo "1990"]
[BlackElo "2020"]
[Result "1/2-1/2"]
[Round "1"]
1.d4 d5
2.e3 e6
3.h3 Ng8f6
4.c3 c5
5.dxc5 Bf8xc5
6.Ng1f3 O-O
7.Nb1d2 Nb8c6
8.Nd2b3 Bc5d6
9.Nb3d4 Qd8b6
10.Nd4xc6 bxc6
11.Bf1d3 Ra8b8
12.O-O Rf8d8
13.b3 Bc8a6
14.Bd3xa6 Qb6xa6
15.Bc1b2 c5
16.Qd1c2 Rb8b6
17.Nf3g5 c4
18.b4 Qa6b7
19.a3 a5
20.Ra1b1 Rd8a8
21.Ng5f3 axb4
22.axb4 Ra8a2
23.Qc2c1 Rb6a6
24.Rb1a1 Qb7a7
25.Ra1xa2 Ra6xa2
26.Qc1c2 Nf6e4
27.Nf3d2 Ne4f6
28.Rf1b1 Nf6d7
29.Nd2f3 f6
30.Qc2d1 Kf7
31.Qd1c1 Nd7b6
32.Rb1a1 Ke7
33.Qc1b1 Ra2xa1
34.Bb2xa1 Qa7a3
35.Qb1b2 { draw }
1/2-1/2

[Event "Tourn. n8933"]
[Site "www.chess-mail.com"]
[Date "2016.11.05"]
[Round "1"]
[White "Fabos12"]
[Black "Papaours"]
[WhiteElo "1990"]
[BlackElo "1999"]
[Result "0-1"]
[Round "1"]
1.d4 f5
2.c4 Ng8f6
3.Ng1f3 g6
4.Nb1c3 Bf8g7
5.Bc1g5 O-O
6.e3 d6
7.Bf1d3 Qd8e8
8.e4 fxe4
9.Nc3xe4 Nb8c6
10.O-O Bc8g4
11.Bg5xf6 exf6
12.Rf1e1 Qe8d7
13.Bd3e2 Rf8e8
14.Ne4g3 Bg4xf3
15.Be2xf3 Re8xe1
16.Qd1xe1 Nc6xd4
17.Bf3xb7 Ra8b8
18.Qe1d2 f5
19.Bb7d5 Kh8
20.b3 Nd4f3
21.Bd5xf3 Bg7xa1
22.Ng3e2 Ba1e5
23.Ne2d4 Be5xd4
24.Qd2xd4 Qd7g7
25.Qd4xg7 Kxg7
26.Kf1 Rb8e8
27.Bf3d5 Kf6
28.f4 Re8e3
29.Kf2 Re3c3
30.Bd5g8 h6
31.Ke2 Rc3c2
32.Kf3 Rc2xa2
33.b4 Ra2a3
34.Ke2 c6
35.b5 cxb5
36.cxb5 Ra3a4
37.Ke3 Ra4e4
38.Kf3 Re4b4
{ resign }
0-1

[Event "Tourn. n9038"]
[Site "www.chess-mail.com"]
[Date "2016.11.05"]
[Round "1"]
[White "Libiesse"]
[Black "Bojan"]
[WhiteElo "1990"]
[BlackElo "1980"]
[Result "1-0"]
[Round "1"]
1.d4 d5
2.c4 dxc4
3.e3 b5
4.a4 c6
5.Ng1f3 e6
6.axb5 cxb5
7.b3 Qd8c7
8.bxc4 bxc4
9.Qd1a4 Bc8d7
10.Qa4xc4 Nb8c6
11.Bf1e2 Bf8d6
12.Bc1a3 Ng8e7
13.Ba3xd6 Qc7xd6
14.O-O O-O
15.Nb1d2 Rf8c8
16.Qc4d3 f6
17.Nd2c4 Qd6d5
18.Rf1b1 a5
19.e4 Qd5h5
20.Nf3e5 Qh5e8
21.Ne5xd7 Qe8xd7
22.Nc4b6 Qd7xd4
23.Nb6xa8 Rc8xa8
24.Qd3xd4 Nc6xd4
25.Be2g4 Ne7c6
26.Rb1b6 Kf7
27.Kf1 Ra8a7
28.Bg4d1 Kg6
29.Bd1a4 Nc6e5
30.Ra1d1 Ne5d7
31.Ba4xd7 Ra7xd7
32.Rb6a6 e5
33.Ra6xa5 Kg5
34.Ra5d5 Rd7c7
35.Rd1xd4 { resign }
1-0

[Event "Tourn. n8913"]
[Site "www.chess-mail.com"]
[Date "2016.11.05"]
[Round "1"]
[White "Neo"]
[Black "Nulladies"]
[WhiteElo "1670"]
[BlackElo "1750"]
[Result "0-1"]
[Round "1"]
1.d4 Ng8f6
2.e3 d5
3.g3 Bc8f5
4.Bf1g2 e6
5.Ng1e2 c5
6.c3 Nb8c6
7.O-O Bf8e7
8.Ne2f4 Nf6e4
9.Nb1d2 O-O
10.Nd2xe4 dxe4
11.a3 e5
12.Nf4h3 Qd8d7
13.Qd1h5 g6
14.Qh5h6 Qd7d8
15.dxe5 Bf5xh3
16.Qh6xh3 Qd8c8
17.Qh3h6 Nc6xe5
18.Bg2xe4 Be7f6
19.Qh6f4 Bf6g7
20.Be4c2 b5
21.Bc2e4 Ra8b8
22.Be4c2 Qc8c7
23.Qf4e4 Rf8e8
24.Qe4g2 Rb8d8
25.e4 Ne5d3
26.Bc2xd3 Rd8xd3
27.Bc1f4 Bg7e5
28.Bf4xe5 Re8xe5
29.Rf1e1 Qc7d7
30.Ra1c1 Qd7e6
31.b4 c4
32.h4 f5
33.exf5 Re5xe1
34.Rc1xe1 Qe6xe1
35.Kh2 Rd3d2
36.Qg2a8 Kg7
37.Qa8xa7 Kh6
38.f6 Qe1xf2
39.Qa7xf2 Rd2xf2
40.Kh3 Rf2xf6
41.Kg4 Rf6d6
42.Kf4 Rd6d3
{ resign }
0-1

[Event "Tourn. n8927"]
[Site "www.chess-mail.com"]
[Date "2016.11.05"]
[Round "1"]
[White "Szustan"]
[Black "Conde7"]
[WhiteElo "2620"]
[BlackElo "2890"]
[Result "1/2-1/2"]
[Round "1"]
1.e4 e5
2.Ng1f3 Nb8c6
3.Nb1c3 Ng8f6
4.d4 exd4
5.Nc3d5 Nc6b4
6.Bf1c4 Nb4xd5
7.exd5 Bf8b4
8.Bc1d2 Qd8e7
9.Qd1e2 Bb4xd2
10.Kxd2 Qe7xe2
11.Kxe2 O-O
12.Rh1e1 b5
13.Bc4xb5 Bc8b7
14.Nf3xd4 Bb7xd5
15.Kf1 Rf8b8
16.c4 a6
17.cxd5 axb5
18.d6 c5
19.Nd4f3 Ra8a6
20.Ra1c1 Ra6xa2
21.b3 Ra2a6
22.Rc1xc5 Ra6xd6
23.h3 g6
24.Re1e5 Rd6b6
25.Re5e1 h5
26.Nf3g5 Kf8
27.Ng5e4 Rb8b7
28.Ne4xf6 Rb6xf6
29.Rc5d5 Rf6c6
30.Re1e3 Rc6c1
31.Ke2 Rc1c2
32.Rd5d2 Rc2c5
33.Re3d3 Rc5e5
34.Kd1 Ke7
35.Kc2 Re5e4
{ draw }
1/2-1/2

[Event "Tourn. n9029"]
[Site "www.chess-mail.com"]
[Date "2016.11.05"]
[Round "1"]
[White "Mao"]
[Black "Cal"]
[WhiteElo "1780"]
[BlackElo "1700"]
[Result "1-0"]
[Round "1"]
1.e4 e5
2.Ng1f3 d6
3.d4 Bc8g4
4.dxe5 Nb8c6
5.exd6 cxd6
6.Bf1e2 Bg4xf3
7.Be2xf3 Ng8f6
8.Nb1c3 a6
9.O-O b5
10.e5 Nc6xe5
11.Bf3xa8 Bf8e7
12.Ba8d5 O-O
13.Bc1f4 h6
14.Bf4xe5 dxe5
15.Qd1f3 Be7c5
16.Ra1d1 b4
17.Bd5xf7 Rf8xf7
18.Rd1xd8 Bc5f8
19.Nc3d5 Nf6xd5
20.Qf3xd5 g6
21.Rd8d7 { resign }
1-0

[Event "Tourn. n9015"]
[Site "www.chess-mail.com"]
[Date "2016.11.05"]
[Round "1"]
[White "Norlavuaram"]
[Black "Libiesse"]
[WhiteElo "2220"]
[BlackElo "2020"]
[Result "1-0"]
[Round "1"]
1.e4 c5
2.Ng1f3 e6
3.d4 cxd4
4.Nf3xd4 Ng8f6
5.Bf1d3 d5
6.e5 Nf6d7
7.Bc1e3 a6
8.O-O Nd7xe5
9.f4 Ne5xd3
10.Qd1xd3 Nb8c6
11.Nb1c3 Qd8c7
12.Ra1e1 b5
13.f5 Bf8e7
14.fxe6 Bc8xe6
15.Be3f4 Be7d6
16.Nc3xd5 Qc7b8
17.Nd4xc6 Bd6c5
18.Kh1 Qb8c8
19.Nc6d4 O-O
20.Nd4xe6 fxe6
21.Nd5c3 Qc8b7
22.Bf4e5 Ra8d8
23.Rf1xf8 Rd8xf8
24.Re1f1 Qb7e7
25.Rf1xf8 Qe7xf8
26.Qd3f3 Qf8c8
27.h3 Bc5e7
28.Qf3g4 Qc8f8
29.Qg4xe6 Kh8
30.Nc3e4 Qf8f1
31.Kh2 Qf1f8
32.Ne4d6 h6
33.Nd6f5 Be7f6
34.Be5xf6 Qf8xf6
35.Qe6xf6 gxf6
36.Nf5xh6 { resign }
1-0

[Event "Tourn. n9020"]
[Site "www.chess-mail.com"]
[Date "2016.11.05"]
[Round "1"]
[White "Norlavuaram"]
[Black "Faerieking"]
[WhiteElo "2220"]
[BlackElo "2170"]
[Result "0-1"]
[Round "1"]
1.e4 c5
2.Ng1f3 d6
3.d4 cxd4
4.Nf3xd4 Ng8f6
5.Nb1c3 a6
6.Bc1e3 e5
7.Nd4f3 Bc8e6
8.Bf1e2 b5
9.a3 Nb8d7
10.O-O Bf8e7
11.Qd1d2 Qd8c7
12.Ra1d1 Ra8c8
13.Nf3g5 Be6c4
14.f4 h6
15.Ng5f3 Nf6g4
16.fxe5 Ng4xe3
17.Qd2xe3 dxe5
18.Rd1d2 Be7c5
{ resign }
0-1

[Event "Match"]
[Site "www.echecsemail.com"]
[Date "2016.11.05"]
[Round "1"]
[White "Cal"]
[Black "Normr"]
[WhiteElo "1630"]
[BlackElo "1099"]
[Result "0-1"]
[Round "1"]
1.c4 e5
2.e4 Ng8f6
3.d3 d6
4.Bc1g5 Bc8e6
5.Ng1f3 Nb8c6
6.h3 h6
7.Bg5h4 g5
8.a3 gxh4
9.Nf3xh4 Nf6xe4
10.dxe4 Qd8xh4
11.g3 Qh4xe4
12.Bf1e2 Qe4xh1
13.Kd2 Qh1xh3
14.Nb1c3 O-O-O
15.Nc3e4 d5
16.cxd5 Rd8xd5
17.Be2d3 f5
18.Ne4f6 Rd5d8
19.Qd1e2 Bf8e7
20.b4 Be7xf6
21.b5 Qh3g2
22.Kc2 Nc6d4
23.Kd2 Nd4xe2
24.Kxe2 e4
25.Bd3c2 Bf6xa1
{ resign }
0-1

[Event "Match"]
[Site "www.echecsemail.com"]
[Date "2016.11.05"]
[Round "1"]
[White "Stanch3vv"]
[Black "Olddog55"]
[WhiteElo "1499"]
[BlackElo "1740"]
[Result "0-1"]
[Round "1"]
1.Ng1f3 d5
2.g3 g6
3.Bf1g2 c6
4.O-O Bf8g7
5.d4 Ng8f6
6.c4 Nf6e4
7.Nb1c3 f5
8.cxd5 cxd5
9.Bc1f4 Nb8c6
10.e3 O-O
11.Ra1c1 Qd8b6
12.Nc3xd5 Qb6xb2
13.Qd1a4 Bc8e6
14.Nd5c7 Ra8b8
15.Nc7xe6 Rf8f7
16.Bf4xb8 Ne4xf2
17.Ne6xg7 Rf7xg7
18.Rc1xc6 bxc6
19.Bb8e5 Rg7f7
20.Rf1xf2 Qb2c1
21.Bg2f1 e6
 { time }
0-1

[Event "Match"]
[Site "www.echecsemail.com"]
[Date "2016.11.05"]
[Round "1"]
[White "Libiesse"]
[Black "Coraza"]
[WhiteElo "1960"]
[BlackElo "1840"]
[Result "1-0"]
[Round "1"]
1.d4 d5
2.c4 Nb8c6
3.Ng1f3 Bc8f5
4.Nb1c3 Ng8f6
5.Qd1b3 Nc6a5
6.Qb3a4 Na5c6
7.Nf3e5 Qd8d6
8.cxd5 Nf6xd5
9.Ne5xc6 bxc6
10.f3 Nd5xc3
11.bxc3 e6
12.e4 Bf5g6
13.Ra1b1 Bf8e7
14.Rb1b7 a5
15.g3 O-O
16.Bc1f4 Qd6a3
17.Qa4xa3 Be7xa3
18.Kd2 Ba3d6
19.e5 Bd6a3
20.Rb7xc7 Ra8b8
21.Bf1d3 Rb8b2
22.Ke3 Bg6xd3
23.Kxd3 c5
24.dxc5 Rf8d8
25.Kc4 Rb2xa2
26.Rh1d1 Rd8f8
27.c6 a4
28.Rc7d7 h6
29.c7 Kh7
30.Rd7d8 Ba3e7
31.Rd8xf8 Be7xf8
32.c8Q Bf8e7
33.Rd1d2 Ra2a1
34.Rd2d7 a3
35.Kb3 Be7g5
36.Bf4xg5 hxg5
37.Qc8f8 Kh6
38.Qf8xf7 Ra1b1
39.Kxa3 g4
40.Qf7xe6 g6
41.Qe6f6 { resign }
1-0

[Event "Match"]
[Site "www.echecsemail.com"]
[Date "2016.11.05"]
[Round "1"]
[White "Mrmoto"]
[Black "Osvalazo"]
[WhiteElo "1630"]
[BlackElo "1690"]
[Result "0-1"]
[Round "1"]
1.d4 d5
2.c4 dxc4
3.Nb1c3 Ng8f6
4.e4 Nf6d7
5.Bf1xc4 e6
6.Ng1f3 g6
7.Qd1b3 Bf8g7
8.Bc1e3 O-O
9.O-O Nb8c6
10.Ra1d1 Nc6a5
11.Qb3a4 c6
12.Rd1b1 b5
13.Nc3xb5 cxb5
14.Bc4xb5 Nd7b8
15.e5 a6
16.Bb5d3 Nb8c6
17.b4 Bc8d7
18.Qa4d1 Na5b7
19.b5 Nc6b8
20.bxa6 Nb7a5
21.Nf3d2 Bd7c6
22.Nd2f3 Nb8xa6
23.d5 Bc6xd5
24.Be3b6 Na6c7
25.Bd3e2 Na5c6
26.Rb1a1 Bg7xe5
27.Nf3xe5 Nc6xe5
28.f4 Ne5d7
29.Bb6d4 e5
30.fxe5 Qd8e7
31.Be2d3 Qe7g5
32.Qd1e2 Ra8a3
33.Bd4e3 Qg5xe5
34.Qe2d2 Rf8e8
35.Be3f4 Qe5d4
36.Kh1 Nc7e6
37.Bf4e3 Qd4xd3
38.Qd2f2 f5
39.Be3h6 Ne6d4
40.Ra1d1 Qd3c4
41.Bh6e3 Ra3xe3
{ resign }
0-1

[Event "Match"]
[Site "www.echecsemail.com"]
[Date "2016.11.05"]
[Round "1"]
[White "Genius3"]
[Black "Nulladies"]
[WhiteElo "1650"]
[BlackElo "1770"]
[Result "1/2-1/2"]
[Round "1"]
1.e4 c5
2.g3 g6
3.Bf1g2 Nb8c6
4.Ng1e2 Bf8g7
5.c3 d6
6.O-O Ng8f6
7.d4 O-O
8.dxc5 dxc5
9.Bc1e3 b6
10.Qd1c2 Qd8c7
11.Nb1a3 a6
12.h3 Bc8b7
13.Ra1d1 Rf8d8
14.f4 Rd8xd1
15.Rf1xd1 Ra8d8
16.Rd1xd8 Qc7xd8
17.e5 Nf6d5
18.Be3f2 { draw }
1/2-1/2

[Event "Match"]
[Site "www.echecsemail.com"]
[Date "2016.11.05"]
[Round "1"]
[White "Genius5"]
[Black "Pellix84"]
[WhiteElo "1620"]
[BlackElo "1950"]
[Result "0-1"]
[Round "1"]
1.d4 Ng8f6
2.Bc1g5 d6
3.Bg5xf6 exf6
4.g3 f5
5.Bf1g2 Nb8c6
6.e3 Bc8d7
7.Ng1e2 Qd8f6
8.O-O g5
9.Nb1d2 h5
10.Nd2b3 h4
11.c3 hxg3
12.hxg3 Qf6h6
13.Rf1e1 f4
14.exf4 Qh6h2
15.Kf1 Bf8e7
16.fxg5 O-O-O
17.Ne2f4 Be7xg5
 { time }
0-1

[Event "Tourn. n8988"]
[Site "www.chess-mail.com"]
[Date "2016.11.06"]
[Round "1"]
[White "Falcoale"]
[Black "Ditto"]
[WhiteElo "1600"]
[BlackElo "1780"]
[Result "0-1"]
[Round "1"]
1.e4 e5
2.Ng1f3 Nb8c6
3.Nb1c3 Bf8c5
4.Nf3xe5 Nc6xe5
5.d4 Bc5d6
6.dxe5 Bd6xe5
7.Bf1d3 d6
8.O-O Ng8f6
9.Kh1 O-O
10.f4 Be5d4
11.Nc3e2 Bd4b6
12.f5 Bb6c5
13.Bc1g5 b6
14.Ne2c3 Bc5d4
15.Ra1b1 Bc8b7
16.Nc3e2 Bd4e5
17.c3 a5
18.Qd1c1 Qd8d7
19.Bg5f4 Rf8e8
20.Bf4g5 Nf6g4
21.Ne2f4 f6
22.Bg5h4 Bb7c8
23.Bh4g3 Bc8b7
24.h3 Ng4h6
25.Nf4e2 d5
26.Bg3xe5 Re8xe5
27.exd5 Qd7xd5
28.Rf1d1 Qd5xg2
{ resign }
0-1

[Event "Tourn. n9012"]
[Site "www.chess-mail.com"]
[Date "2016.11.06"]
[Round "1"]
[White "Francesco"]
[Black "Picifarkinca"]
[WhiteElo "1960"]
[BlackElo "1900"]
[Result "1/2-1/2"]
[Round "1"]
1.e4 c6
2.d4 d5
3.Nb1c3 dxe4
4.Nc3xe4 Nb8d7
5.Ng1f3 Ng8f6
6.Bf1d3 Nf6xe4
7.Bd3xe4 Nd7f6
8.Qd1d3 Nf6xe4
9.Qd3xe4 Qd8d5
10.Qe4xd5 cxd5
11.O-O Bc8f5
12.c3 e6
13.Nf3e5 f6
14.Ne5f3 Bf8d6
15.Rf1e1 O-O
16.Nf3h4 Rf8e8
17.Nh4xf5 exf5
18.Bc1d2 Kf7
19.Re1xe8 Ra8xe8
20.Ra1e1 Re8xe1
21.Bd2xe1 b5
22.g3 a5
23.Kg2 g5
24.Be1d2 h5
25.Kf3 g4
26.Ke2 a4
27.Kd3 h4
28.Ke3 h3
{ draw }
1/2-1/2

[Event "Tourn. n8932"]
[Site "www.chess-mail.com"]
[Date "2016.11.06"]
[Round "1"]
[White "Jjmcbride"]
[Black "Aalekhine"]
[WhiteElo "1390"]
[BlackElo "1499"]
[Result "1-0"]
[Round "1"]
1.e4 e5
2.Ng1f3 Nb8c6
3.d4 exd4
4.Nf3xd4 Bf8c5
5.Nd4xc6 bxc6
6.Qd1h5 Qd8e7
7.e5 d5
8.c4 g6
9.Qh5e2 Bc5b4
10.Nb1d2 Bc8e6
11.a3 Bb4xd2
12.Bc1xd2 f6
13.Bd2c3 dxc4
14.Qe2e4 Be6d7
15.Bf1xc4 f5
16.Qe4f4 Bd7e6
17.O-O-O Be6xc4
18.Qf4xc4 { resign }
1-0

[Event "Tourn. n8929"]
[Site "www.chess-mail.com"]
[Date "2016.11.06"]
[Round "1"]
[White "Foxy100"]
[Black "Abuelo"]
[WhiteElo "2130"]
[BlackElo "2210"]
[Result "1-0"]
[Round "1"]
1.e4 e5
2.Ng1f3 d6
3.d4 Bc8g4
4.d5 Ng8f6
5.Nb1c3 a6
6.Bf1e2 h6
7.O-O Bf8e7
8.Bc1e3 O-O
9.h3 Bg4xf3
10.Be2xf3 Nb8d7
11.Nc3e2 Ra8c8
12.c4 c6
13.Ne2g3 Kh7
14.Ng3f5 Rf8g8
15.Nf5xe7 Qd8xe7
16.Ra1c1 c5
17.a4 a5
18.Qd1e1 b6
19.Be3d2 Rc8b8
20.Bf3d1 Nd7f8
21.Bd1c2 Nf8g6
22.Qe1e2 Qe7d7
23.b3 Rg8f8
24.f4 Rb8e8
25.fxe5 Ng6xe5
26.Rf1xf6 gxf6
27.Qe2e3 Rf8h8
28.Qe3xh6 Kg8
29.Qh6xf6 Qd7e7
30.Rc1f1 Qe7xf6
31.Rf1xf6 Re8d8
32.Bd2f4 Ne5g6
33.Rf6xd6 Kg7
34.Rd6xd8 Rh8xd8
35.Bf4c7 Rd8e8
36.Bc7xb6 Ng6e5
37.Bb6xc5 Kh6
38.Bc5d4 Ne5g6
39.Kf2 Re8g8
40.d6 Ng6f4
41.Bd4e3 Rg8xg2
42.Kf3 Rg2xc2
43.d7 { resign }
1-0

[Event "Tourn. n8988"]
[Site "www.chess-mail.com"]
[Date "2016.11.06"]
[Round "1"]
[White "Falcoale"]
[Black "Manuelito"]
[WhiteElo "1610"]
[BlackElo "1599"]
[Result "1-0"]
[Round "1"]
1.e4 e5
2.Ng1f3 d6
3.Nb1c3 Nb8c6
4.d4 f6
5.Bf1c4 Ng8e7
6.O-O exd4
7.Nf3xd4 Nc6xd4
8.Qd1xd4 Ne7c6
9.Qd4d1 Qd8e7
10.Nc3d5 Qe7e5
11.Nd5xc7 Kd8
12.Nc7xa8 b5
13.Bc4d5 Bc8b7
14.f4 Qe5e8
15.Rf1e1 Kd7
16.e5 Qe8xa8
17.e6 Kc7
18.f5 Bf8e7
19.Bc1f4 g6
20.b3 Nc6e5
21.Bd5xb7 Qa8xb7
22.Bf4xe5 dxe5
23.Qd1d7 Kb6
24.Qd7xb7 Kxb7
25.Ra1b1 gxf5
26.Re1d1 Rh8e8
27.Rd1d7 Kb6
28.a4 a6
29.axb5 axb5
30.c4 h5
31.Rb1a1 bxc4
32.bxc4 Kc5
33.Ra1c1 e4
34.Kf2 Re8d8
35.Rd7xd8 Be7xd8
36.Kg3 Kd6
37.Kh4 Kxe6
38.Kxh5 Ke5
39.Kg6 e3
40.Rc1e1 f4
41.h4 f5
42.h5 Bd8a5
43.h6 Ba5xe1
44.h7 Be1b4
45.h8Q { resign }
1-0

[Event "Tourn. n8968"]
[Site "www.chess-mail.com"]
[Date "2016.11.06"]
[Round "1"]
[White "Fabos12"]
[Black "Julian"]
[WhiteElo "2080"]
[BlackElo "2010"]
[Result "1-0"]
[Round "1"]
1.Ng1f3 d5
2.d4 Ng8f6
3.Bc1f4 e6
4.c4 Bf8d6
5.Bf4xd6 cxd6
6.Nb1c3 dxc4
7.e4 Nb8c6
8.Bf1xc4 O-O
9.Bc4b3 e5
10.d5 Nc6e7
11.Qd1c2 Bc8g4
12.O-O-O Ra8c8
13.Kb1 b5
14.Qc2d3 a6
15.h3 Rc8xc3
16.Qd3xc3 Nf6xe4
17.Qc3e1 Bg4xf3
18.gxf3 Ne4c5
19.Bb3c2 Qd8a8
20.Qe1d2 Rf8c8
21.b4 Nc5d7
22.f4 g6
23.Rh1g1 Rc8c4
24.f5 Rc4d4
25.Qd2g5 Ne7xd5
26.fxg6 fxg6
27.Rd1xd4 exd4
28.Bc2xg6 Nd5c3
29.Kc2 hxg6
30.Qg5xg6 { resign }
1-0

[Event "Tourn. n9041"]
[Site "www.chess-mail.com"]
[Date "2016.11.06"]
[Round "1"]
[White "Al3x"]
[Black "Caspito"]
[WhiteElo "1990"]
[BlackElo "1860"]
[Result "1-0"]
[Round "1"]
1.c4 Nb8c6
2.g3 e5
3.Bf1g2 Ng8f6
4.Nb1c3 Bf8b4
5.Ng1f3 O-O
6.O-O d5
7.cxd5 Nf6xd5
8.Nf3xe5 Bb4xc3
9.Ne5xc6 bxc6
10.bxc3 Ra8b8
11.Qd1a4 Rb8b6
12.Qa4xa7 Bc8a6
13.Bg2xd5 cxd5
14.d3 Qd8d7
15.Bc1e3 d4
16.Be3xd4 Rb6h6
17.h4 Rh6c6
18.Ra1b1 Rf8c8
19.Rb1b3 Qd7d8
20.Rf1b1 h6
21.Rb3b8 Kh7
22.Qa7a8 { resign }
1-0

[Event "Tourn. n9029"]
[Site "www.chess-mail.com"]
[Date "2016.11.06"]
[Round "1"]
[White "Nulladies"]
[Black "Mao"]
[WhiteElo "1820"]
[BlackElo "1780"]
[Result "0-1"]
[Round "1"]
1.d4 Ng8f6
2.Bc1f4 e6
3.Ng1f3 Nb8c6
4.e3 Bf8e7
5.Bf1d3 d5
6.Nb1d2 Nf6h5
7.Bf4g3 Nh5xg3
8.hxg3 h6
9.c4 O-O
10.c5 Be7f6
11.Qd1c2 e5
12.dxe5 Nc6xe5
13.Nf3xe5 Bf6xe5
14.Nd2f3 Be5f6
15.O-O c6
16.Ra1d1 Bc8g4
17.Bd3e2 Rf8e8
18.Nf3d4 Bg4xe2
19.Qc2xe2 Qd8a5
20.a3 Qa5xc5
21.Rd1c1 Qc5xd4
22.Qe2c2 Qd4xb2
23.Qc2xb2 Bf6xb2
24.Rc1b1 Bb2xa3
25.Rb1xb7 c5
26.Rb7d7 c4
27.Rf1a1 Ba3b2
28.Ra1b1 c3
29.Rd7c7 Re8c8
{ resign }
0-1

[Event "Tourn. n8943"]
[Site "www.chess-mail.com"]
[Date "2016.11.06"]
[Round "1"]
[White "Andychesston"]
[Black "Picifarkinca"]
[WhiteElo "1950"]
[BlackElo "2020"]
[Result "1-0"]
[Round "1"]
1.e4 c6
2.d4 d5
3.Nb1c3 dxe4
4.Nc3xe4 Nb8d7
5.Ng1f3 Ng8f6
6.Ne4g3 e6
7.Bc1g5 Bf8e7
8.Bf1d3 h6
9.Bg5d2 O-O
10.O-O Qd8c7
11.a3 b6
12.c3 c5
13.Ra1c1 c4
14.Bd3e4 Nf6xe4
15.Ng3xe4 Bc8b7
16.Ne4g3 e5
17.Ng3f5 Be7f6
18.Nf3h4 Qc7c6
19.Qd1g4 Qc6e4
20.f4 Bf6g5
21.Rc1e1 Qe4c2
22.Rf1f2 Nd7f6
23.Qg4g3 Nf6h5
24.Qg3g4 Nh5f6
25.Nf5e7 Kh7
26.Qg4f5 Qc2xf5
27.Nh4xf5 exf4
28.Bd2xf4 Bg5xf4
29.Rf2xf4 Nf6d5
30.Rf4g4 g6
31.Nf5d6 Nd5xe7
32.Re1xe7 Bb7d5
33.Nd6b5 Bd5e6
34.Rg4f4 Kg7
35.Nb5c7 Ra8c8
36.Nc7xe6 { resign }
1-0

[Event "Tourn. n9030"]
[Site "www.chess-mail.com"]
[Date "2016.11.06"]
[Round "1"]
[White "Picifarkinca"]
[Black "Bojan"]
[WhiteElo "2000"]
[BlackElo "1980"]
[Result "0-1"]
[Round "1"]
1.Ng1f3 g6
2.g3 Bf8g7
3.Bf1g2 c6
4.c4 e5
5.Nb1c3 d6
6.O-O Bc8e6
7.d3 h6
8.Qd1b3 Qd8c7
9.e4 Nb8d7
10.Bc1e3 f5
11.d4 Nd7f6
12.d5 fxe4
13.Nf3xe5 Be6f5
14.g4 Nf6xg4
15.Ne5xg4 Bf5xg4
16.Bg2xe4 Ng8e7
17.dxc6 bxc6
18.Nc3b5 Qc7d7
19.Nb5xa7 O-O
20.Ra1d1 Bg4xd1
21.Qb3xd1 Ra8xa7
22.Be3xa7 Qd7xa7
23.Qd1xd6 Rf8f6
24.Qd6d8 Kf7
25.a3 Rf6e6
{ resign }
0-1

[Event "Tourn. n9020"]
[Site "www.chess-mail.com"]
[Date "2016.11.06"]
[Round "1"]
[White "Sandokam"]
[Black "Julian"]
[WhiteElo "2220"]
[BlackElo "2020"]
[Result "1-0"]
[Round "1"]
1.e4 e5
2.Ng1f3 f5
3.Nf3xe5 Ng8f6
4.Nb1c3 fxe4
5.Bf1c4 d5
6.Bc4b3 Bf8d6
7.d4 O-O
8.Nc3xd5 Nf6xd5
9.Bb3xd5 Kh8
10.Qd1h5 Bd6xe5
11.Bd5xe4 h6
12.Bc1xh6 Kg8
13.Bh6xg7 Kxg7
14.Qh5g6 { resign }
1-0

[Event "Tourn. n8957"]
[Site "www.chess-mail.com"]
[Date "2016.11.06"]
[Round "1"]
[White "Fabos12"]
[Black "Wegaman"]
[WhiteElo "2100"]
[BlackElo "1840"]
[Result "1-0"]
[Round "1"]
1.d4 d5
2.Ng1f3 Ng8f6
3.c4 e6
4.cxd5 exd5
5.Nb1c3 Bf8b4
6.Bc1g5 c6
7.e3 h6
8.Bg5h4 O-O
9.h3 Bc8f5
10.Bf1d3 Bf5xd3
11.Qd1xd3 Qd8d6
12.Ra1c1 Nb8d7
13.g4 Nf6e4
14.g5 hxg5
15.Nf3xg5 Bb4xc3
16.bxc3 Ne4xg5
17.Bh4xg5 f6
18.Bg5f4 Qd6e6
19.Ke2 c5
20.Qd3g6 cxd4
21.cxd4 Qe6a6
22.Kf3 Qa6e6
23.h4 Qe6e4
24.Qg6xe4 dxe4
25.Kxe4 f5
26.Kf3 Nd7b6
27.Rc1c7 Nb6d5
28.Rc7xb7 Nd5xf4
29.Kxf4 a5
30.Rh1g1 Rf8f7
31.Rg1b1 Rf7f6
32.a4 Rf6h6
33.Kg5 Ra8a6
34.Rb7b8 Kh7
35.h5 Ra6a7
36.Rb1b5 f4
37.exf4 Ra7f7
38.Rb5xa5 Rf7d7
39.Ra5a8 Rd7d5
40.f5 Rh6xh5
41.Kxh5 Rd5xf5
42.Kg4 Rf5xf2
43.Rb8h8 Kg6
44.Rh8f8 Rf2d2
45.Ra8a6 Kh7
46.Rf8d8 { resign }
1-0

[Event "Tourn. n9041"]
[Site "www.chess-mail.com"]
[Date "2016.11.06"]
[Round "1"]
[White "Caspito"]
[Black "Malbertan"]
[WhiteElo "1850"]
[BlackElo "2050"]
[Result "0-1"]
[Round "1"]
1.e4 e5
2.Ng1f3 Nb8c6
3.Bf1c4 Ng8f6
4.Nf3g5 d5
5.exd5 Nc6a5
6.Qd1e2 Na5xc4
7.Qe2xc4 Qd8xd5
8.Qc4xc7 Bf8d6
9.Nb1c3 Bd6xc7
10.Nc3xd5 Nf6xd5
11.O-O Bc8f5
12.d3 Nd5b4
13.c3 Nb4c2
14.Ra1b1 Bf5xd3
15.Rf1d1 Nc2b4
16.Rd1xd3 Nb4xd3
17.Bc1e3 Ra8d8
18.a3 h6
19.Ng5e4 f5
20.Ne4g3 f4
21.Ng3f5 fxe3
22.fxe3 O-O
23.e4 Nd3c5
24.Rb1f1 Nc5xe4
25.Nf5e7 Kh7
{ resign }
0-1

[Event "Tourn. n9026"]
[Site "www.chess-mail.com"]
[Date "2016.11.06"]
[Round "1"]
[White "Mao"]
[Black "Nulladies"]
[WhiteElo "1810"]
[BlackElo "1820"]
[Result "1-0"]
[Round "1"]
1.e4 c5
2.Ng1f3 g6
3.d4 cxd4
4.Nf3xd4 Nb8c6
5.Bc1e3 Bf8g7
6.Nb1c3 Ng8f6
7.Bf1e2 O-O
8.O-O e5
9.Nd4f3 b6
10.Be2b5 Bc8b7
11.Rf1e1 a6
12.Bb5xc6 Bb7xc6
13.Be3g5 h6
14.Bg5h4 g5
15.Bh4g3 Nf6h5
16.Bg3xe5 Nh5f6
17.Be5d6 Rf8e8
18.e5 Bc6xf3
19.Qd1xf3 Nf6h7
20.Nc3d5 Bg7f8
21.Qf3h5 Bf8g7
22.Nd5c7 Ra8c8
23.Nc7xe8 Qd8xe8
24.c3 f5
25.Qh5xe8 Rc8xe8
26.Ra1d1 Nh7f8
27.Bd6xf8 Kxf8
28.Rd1xd7 Bg7xe5
29.Kf1 Be5xh2
30.Re1xe8 Kxe8
31.Rd7h7 { resign }
1-0

[Event "Tourn. n9007"]
[Site "www.chess-mail.com"]
[Date "2016.11.06"]
[Round "1"]
[White "Cal"]
[Black "Azulmarino"]
[WhiteElo "1680"]
[BlackElo "1570"]
[Result "0-1"]
[Round "1"]
1.c4 c5
2.Ng1f3 Ng8f6
3.h3 d6
4.Nb1c3 a6
5.e3 Bc8f5
6.d3 h6
7.Bf1e2 Nb8c6
8.O-O e6
9.a3 Bf8e7
10.b3 Qd8d7
11.Bc1b2 e5
12.Nc3d5 Nf6xd5
13.cxd5 Nc6b8
14.e4 Bf5g6
15.Nf3h2 h5
16.f4 Be7h4
17.fxe5 Bh4g3
18.Nh2f3 dxe5
19.Nf3g5 Bg3f4
20.Ng5f3 f5
21.b4 cxb4
22.axb4 fxe4
23.dxe4 Bg6xe4
24.Bb2xe5 Bf4xe5
25.Nf3xe5 Qd7e7
26.Ne5g6 Qe7g5
27.Rf1f8 Rh8xf8
28.Qd1a4 Nb8d7
29.Ng6xf8 Qg5xg2
{ resign }
0-1

[Event "Tourn. n8940"]
[Site "www.chess-mail.com"]
[Date "2016.11.06"]
[Round "1"]
[White "Orhany24"]
[Black "Fabos12"]
[WhiteElo "2220"]
[BlackElo "1980"]
[Result "1-0"]
[Round "1"]
1.e4 d6
2.d4 g6
3.c4 Bf8g7
4.f4 e6
5.Ng1f3 Ng8e7
6.Nb1c3 O-O
7.Bf1d3 Nb8c6
8.Bc1e3 Nc6b4
9.Bd3e2 d5
10.cxd5 exd5
11.e5 Ne7f5
12.Be3f2 Nb4c6
13.O-O h6
14.g4 Nf5e7
15.a3 f6
16.h3 h5
17.Nf3h2 hxg4
18.hxg4 fxe5
19.fxe5 g5
20.Bf2e3 Ne7g6
21.Qd1d2 Bg7h6
22.Rf1xf8 Ng6xf8
23.Ra1f1 Nf8e6
24.Nh2f3 Ne6f4
25.Nf3xg5 Nf4xe2
26.Nc3xe2 Bh6xg5
27.Be3xg5 Qd8e8
28.Qd2f4 Bc8d7
29.Bg5f6 Qe8g6
30.g5 Ra8f8
31.Kg2 Qg6e4
32.Qf4xe4 dxe4
33.b4 Bd7g4
34.Kf2 Bg4xe2
35.Kxe2 Nc6xd4
36.Kd2 Nd4e6
37.Rf1c1 c6
38.Ke3 Kf7
39.Kxe4 Kg6
40.Rc1g1 Rf8f7
41.Rg1g2 Rf7d7
42.Rg2h2 Ne6xg5
43.Bf6xg5 Kxg5
44.Rh2f2 Kg6
45.Rf2f6 Kh7
46.Rf6d6 Rd7e7
47.e6 Kg6
48.Ke5 Kg7
49.Rd6d7 Kf8
50.Kd6 Re7e8
51.Rd7xb7 { resign }
1-0

[Event "Tourn. n8973"]
[Site "www.chess-mail.com"]
[Date "2016.11.06"]
[Round "1"]
[White "Libiesse"]
[Black "Osopanda"]
[WhiteElo "2010"]
[BlackElo "2020"]
[Result "0-1"]
[Round "1"]
1.d4 d5
2.c4 c6
3.Ng1f3 Bc8g4
4.Nb1c3 Ng8f6
5.h3 Bg4xf3
6.gxf3 Nb8d7
7.Bf1g2 e5
8.cxd5 cxd5
9.e4 dxe4
10.fxe4 exd4
11.Qd1xd4 Bf8c5
12.Qd4a4 O-O
13.O-O a6
14.Bc1g5 Qd8b6
15.Qa4c2 Ra8c8
16.Bg5xf6 Nd7xf6
17.Ra1d1 Rf8e8
18.Kh1 Qb6e6
19.a3 b5
20.f4 Qe6b6
21.e5 Nf6h5
22.Kh2 Bc5e3
23.Qc2f5 Be3xf4
24.Rf1xf4 Nh5xf4
25.Qf5xf4 Qb6g6
26.Bg2e4 Qg6h5
27.Rd1d7 Re8xe5
28.Rd7xf7 Re5xe4
29.Nc3xe4 Rc8c2
30.Kg3 Qh5xf7
31.Qf4b8 Qf7f8
32.Qb8e5 h6
33.Qe5e6 Kh7
34.b4 Rc2c8
35.Qe6xa6 Rc8e8
36.Ne4c5 Re8e3
{ resign }
0-1